000 01377nam2a22002771 4500
001 v19\rc\1431017
005 20250618131611.0
035 _a(NLR Aleph) 004577421
090 _a2483327
_c2483327
100 _a20060620d1879 |||y0rusy50 ca
101 0 _arus
102 _aRU
105 _ay z |||||
200 0 _aочередного... сессии 1878 года и чрезвычайного 28 февраля 1879 г.
210 _d1879
_aБ. м.
215 _a62 с.
461 0 _1001v19\rc\1431010
_12001#$aЖурнал заседания Петергофского уездного земского собрания...$vочередного... сессии 1878 года и чрезвычайного 28 февраля 1879 г.
_92483242
_aПетергофское уездное земское собрание
_cСанкт-Петербург
_d1866-1916
_tЖурнал заседания Петергофского уездного земского собрания...
_vочередного... сессии 1878 года и чрезвычайного 28 февраля 1879 г.
801 0 _aRU
_bNLR
_gpsbo
801 0 _aRU
_bRuMoRGB
_2psbo
801 1 _aRU
_bProSoft-M
_2rusmarc
852 _aNLR
_bЗем
_j35-5/Ж1
899 _aRuMoRGB (1866-1915*)
_jF 183/15
899 _aRuMoRGB (1866-1915*)
_jF 183/17
899 _aБАН (1877-1905*)
942 _cBOOK
980 _aNB